Catálogo
 En Linea

Guía de Santo Domingo : (Registro nro. 33729)

Detalles MARC
000 -CABECERA
campo de control de longitud fija 00579nam a2200169 a 4500
001 - NÚMERO DE CONTROL
campo de control 000034238
005 - FECHA Y HORA DE LA ÚLTIMA TRANSACCIÓN
campo de control 20200930070908.0
008 - DATOS DE LONGITUD FIJA--INFORMACIÓN GENERAL
campo de control de longitud fija 091125s2001 dr b r 000 0 spa d
020 ## - NÚMERO INTERNACIONAL ESTÁNDAR DEL LIBRO
Número Internacional Estándar del Libro 9993483605
040 ## - FUENTE DE LA CATALOGACIÓN
Centro catalogador/agencia de origen DO-SdBNP
Lengua de catalogación spa
Centro/agencia transcriptor BNPHU
082 ## - NÚMERO DE LA CLASIFICACIÓN DECIMAL DEWEY
Número de clasificación xxxx
Número de documento/Ítem xxxx
245 00 - MENCIÓN DE TÍTULO
Título Guía de Santo Domingo :
Resto del título calles, barrios, ensanches, localizadores, servicios diversos del área metropolitana.
260 ## - PUBLICACIÓN, DISTRIBUCIÓN, ETC.
Lugar de publicación, distribución, etc. Santo Domingo :
Nombre del editor, distribuidor, etc. Mapas GAAR,
Fecha de publicación, distribución, etc. 2001.
300 ## - DESCRIPCIÓN FÍSICA
Extensión 331 p. :
Otras características físicas il., maps. ;
Dimensiones 22 cm.
500 ## - NOTA GENERAL
Nota general Atlas de mapas parciales al 2002- área urbana
590 ## - NOTA LOCAL (RLIN)
Nota local Inventariado, 2019/BT
Existencias
Estado de retiro Estado de pérdida Restricciones de uso No para préstamo Código de colección Localización permanente Ubicación/localización actual Ubicación en estantería Fecha de adquisición Número de inventario Total de préstamos Signatura topográfica completa Código de barras Fecha visto por última vez Número de copia Precio válido a partir de Tipo de ítem Koha Nota pública
  Extraviado     Dominicana de Servicio General General Extraviado 28.09.2011 LF1   xxxx xxxx 34238-30 25.06.2020 e.3 25.06.2020 Libro y Folleto Colección Dominicana de Servicio  
  Extraviado     Dominicana de Servicio General General Extraviado 15.07.2015 LF1   xxxx xxxx 34238-40 25.06.2020 e.4 25.06.2020 Libro y Folleto Colección Dominicana de Servicio  
      Excluido de préstamo Patrimonio Dominicano Patrimonio Dominicano Patrimonio Dominicano Depósito 28.09.2011 LF1   xxxx xxxx 34238-10 25.06.2020   25.06.2020 Libro y Folleto Colección Patrimonio Dominicano Perteneció a la biblioteca personal de Chiqui Vicioso / Fidelio Despradel.
      Excluido de préstamo Patrimonio Dominicano Patrimonio Dominicano Patrimonio Dominicano Depósito 28.09.2011 LF1   xxxx xxxx 34238-20 25.06.2020 e.2 25.06.2020 Libro y Folleto Colección Patrimonio Dominicano  

Con tecnología Koha